000 00967 a2200277 4500
005 20251103143233.0
008 251103b |||||||| |||| 00| 0 eng d
020 _a9788198748416 (hbk)
037 _cTB
040 _aAL
_cAL
041 _2eng
_aeng
084 _aV2:19.P1 R5
_qAL
245 _aIndia and the emerging world order
260 _aNew Delhi, India:
_bPentagon Press LLP,
_c2025.
300 _axxi, 262p.
365 _b1495.00
_cINR
650 _aIndia - Foreign Religion
_9849975
650 _aIndia - History
_9849976
650 _aSecurity
_9849977
650 _aInternational Relation
_9849978
700 _aChinoy, S.
_eeditor.
_9849979
700 _aVignesh, R.
_eeditor.
_9849980
700 _aMayuri, Banerjee
_eeditor.
_9849981
942 _cTB
_2CC
_n0
_hV2:19.P1 R5
999 _c1464445
_d1464445